000 00592nam a2200169 i 4500
001 157571
003 ES-MaACL
005 20250718063329.0
008 991013s1872 fr |||| | fre d
040 _aCAM
_bspa
_cCAM
100 1 _aLeroy-Beaulieu, Paul,
_d1843-1916
_971810
245 1 3 _aLa question ouvriére au XIXe siècle /
_cpar Paul Leroy-Beaulieu.
260 _aParis :
_bCharpentier er c\pie\s libraires-éditeurs,
_c1872 (
_fImprimerie Viéville et Capiomont)
300 _aII, 339 p. ;
_c18 cm.
852 _aES-MaACL
_jD-3099
_z-- Enc. hol.
999 _c157571
_d157571